I love puzzles: (Record no. 177567)

MARC details
000 -LEADER
fixed length control field 00975nam a22002297a 4500
005 - DATE AND TIME OF LATEST TRANSACTION
control field 20210407162804.0
010 ## - LCCN (DPL NO)
LC control number B-739309-311 B-739725
020 ## - INTERNATIONAL STANDARD BOOK NUMBER
International Standard Book Number 9789351952879
Terms of availability 299.00
035 ## - SYSTEM CONTROL NUMBER
System control number B-739309-311
035 ## - SYSTEM CONTROL NUMBER
System control number B-739725
037 ## - SOURCE OF ACQUISITION
Source of stock number/acquisition Hachette India
037 ## - SOURCE OF ACQUISITION
Source of stock number/acquisition Gift
082 ## - DEWEY DECIMAL CLASSIFICATION NUMBER
Classification number 485
100 ## - MAIN ENTRY--PERSONAL NAME
Personal name Blyton, Enid
245 ## - TITLE STATEMENT
Title I love puzzles:
Remainder of title fun with puzzles and riddles /
Statement of responsibility, etc by Enid Blyton
260 ## - PUBLICATION, DISTRIBUTION, ETC. (IMPRINT)
Name of publisher, distributor, etc Hachette Book Publishing
Place of publication, distribution, etc Gurugram
Date of publication, distribution, etc 2019
270 ## - ADDRESS
Address 4th and 5th Floors, Corporate Centre, Plot No. 94, Sector 44
City Gurugram
Postal code 122003
300 ## - PHYSICAL DESCRIPTION
Extent 106p.:
Other physical details ill.
Dimensions 23cm(pbk)
942 ## - ADDED ENTRY ELEMENTS (KOHA)
Source of classification or shelving scheme Dewey Decimal Classification
Item type Children Books
Call number suffix BLY
Classification part 485
Holdings
Withdrawn status Lost status Not for loan Collection code Home library Current library Date acquired Source of acquisition Cost, normal purchase price Full call number Barcode Copy number Cost, replacement price Koha item type Public note
      Non-fiction Central Library Central Library 07/04/2021 Gift/Eng/05-04-2021 299.00 485 BLY B-739725 1 299.00 Children Books Gift
      Non-fiction Mobile Library Mobile Library 24/03/2021 Atlantic Publishers/CUST103131/11-03-2021/27/03-03-2021/15-03-2021 299.00 485 BLY B-739309 3 299.00 Children Books  
      Non-fiction Mobile Library Mobile Library 24/03/2021 Atlantic Publishers/CUST103131/11-03-2021/27/03-03-2021/15-03-2021 299.00 485 BLY B-739310 3 299.00 Children Books  
      Non-fiction Mobile Library Mobile Library 24/03/2021 Atlantic Publishers/CUST103131/11-03-2021/27/03-03-2021/15-03-2021 299.00 485 BLY B-739311 3 299.00 Children Books  

© Delhi Public Library
Hit Counter
free hit counter